00959 2200349 4500001002100000005001500021035002000036007000300056040001700059100002900076245006300105250001000168300003600178504002600214020002200240041000800262082000800270084001400278090002300292264003600315336002100351337003000372338002300402650002300425700002200448850001000470008004100480990002200521990002200543990002200565990002200587INLIS00000000000940320260420025640 a0010-1222000008ta aSBPUPADbind0 aLulu Hamidah;ePengarang1 aMembudidayakan Kepiting Soka /cLulu Hamidah;Editor;Imamah aCet.1 a111 hlm. :bilus. ;c14 x 21 cm abibiliografi, hlm 103 a978-602-72747-8-50 aind a639 a639 LUL m a639 LUL m L 19 R 9 aYogyakarta :bSalma Idea,c2017 2rdacontentateks 2rdamediaatanpa perantara 2rdacarrieravolume 4aBudidaya masarakat aImamahePengarang aPUPAD260420 0  a30.128/B/DPK/2018 a30.127/B/DPK/2018 a30.128/B/DPK/2018 a30.127/B/DPK/2018